宮城県の市町村 (2000年) - Statistics

General Stats
  • This quiz has been taken 90 times
    71 since last reset
  • The average score is 54 of 71
Answers on the Map
Answers color-coded by a green-red scale on the quiz's map according to % correct below.
 
Answer Stats
ヒント 市町村名 % Correct
仙台市せんだいし
100%
石巻市いしのまきし
100%
古川市ふるかわし
100%
気仙沼市けせんぬまし
100%
名取市なとりし
100%
宮城郡 松島町まつしままち
100%
白石市しろいしし
98%
岩沼市いわぬまし
98%
牡鹿郡 女川町おながわちょう
96%
塩竈市しおがまし
94%
多賀城市たがじょうし
94%
刈田郡 蔵王町ざおうまち
94%
亘理郡 亘理町わたりちょう
94%
亘理郡 山元町やまもとちょう
94%
栗原郡 栗駒町くりこままち
94%
角田市かくだし
91%
刈田郡 七ヶ宿町しちかしゅくまち
91%
柴田郡 大河原町おおがわらまち
91%
登米郡 登米町とよままち
91%
伊具郡 丸森町まるもりまち
89%
宮城郡 利府町りふちょう
89%
牡鹿郡 牡鹿町おしかちょう
89%
柴田郡 村田町むらたまち
87%
柴田郡 柴田町しばたまち
87%
柴田郡 川崎町かわさきまち
87%
宮城郡 七ヶ浜町しちがはままち
87%
黒川郡 大和町たいわちょう
87%
黒川郡 富谷町とみやまち
85%
加美郡 色麻町しかまちょう
85%
黒川郡 大衡村おおひらむら
83%
遠田郡 涌谷町わくやちょう
83%
遠田郡 小牛田町こごたちょう
83%
本吉郡 本吉町もとよしちょう
83%
玉造郡 鳴子町なるこちょう
79%
桃生郡 桃生町ものうちょう
79%
玉造郡 岩出山町いわでやままち
74%
桃生郡 矢本町やもとちょう
74%
本吉郡 唐桑町からくわちょう
74%
黒川郡 大郷町おおさとちょう
72%
志田郡 鹿島台町かしまだいまち
70%
栗原郡 一迫町いちはさまちょう
70%
本吉郡 志津川町しづがわちょう
70%
栗原郡 花山村はなやまむら
68%
登米郡 迫町はさまちょう
68%
栗原郡 築館町つきだてちょう
66%
桃生郡 鳴瀬町なるせちょう
64%
加美郡 中新田町なかにいだまち
62%
志田郡 松山町まつやままち
62%
志田郡 三本木町さんぼんぎちょう
62%
栗原郡 若柳町わかやなぎちょう
62%
栗原郡 金成町かんなりちょう
62%
桃生郡 北上町きたかみまち
62%
本吉郡 歌津町うたつちょう
62%
栗原郡 志波姫町しわひめちょう
60%
桃生郡 雄勝町おがつちょう
60%
加美郡 小野田町おのだまち
57%
遠田郡 南郷町なんごうちょう
57%
登米郡 豊里町とよさとちょう
57%
本吉郡 津山町つやまちょう
57%
遠田郡 田尻町たじりちょう
55%
登米郡 米山町よねやまちょう
55%
登米郡 石越町いしこしまち
55%
加美郡 宮崎町みやざきちょう
53%
栗原郡 鶯沢町うぐいすざわちょう
53%
登米郡 東和町とうわちょう
53%
桃生郡 河北町かほくちょう
53%
桃生郡 河南町かなんちょう
53%
栗原郡 瀬峰町せみねちょう
51%
栗原郡 高清水町たかしみずまち
47%
登米郡 中田町なかだちょう
47%
登米郡 南方町みなみかたまち
43%
No matching quizzes found
Score Distribution
Percent of People with Each Score
Percentile by Number Answered
Your Score History
You have not taken this quiz since the last reset